Central Library OPAC University of Rajshahi

Population trends in Eastern Europe, the USSR and mainland China : (Record no. 35952)

MARC details
000 -LEADER
fixed length control field 00966nam a2200265 i 4500
001 - CONTROL NUMBER
control field 35952
003 - CONTROL NUMBER IDENTIFIER
rucl marc code BD-RjUL
005 - DATE AND TIME OF LATEST TRANSACTION
control field 20211209052416.0
008 - FIXED-LENGTH DATA ELEMENTS--GENERAL INFORMATION
fixed length control field 140612s1960 nyua 100 0 eng d
035 ## - SYSTEM CONTROL NUMBER
System control number (BD-RjUL)36049
040 ## - CATALOGING SOURCE
Original cataloging agency IAR
Transcribing agency IAR
Modifying agency OCL
-- BNG
-- MYG
-- BD-RjUL
Language of cataloging eng
041 ## - LANGUAGE CODE
Language code of text/sound track or separate title eng
082 00 - DEWEY DECIMAL CLASSIFICATION NUMBER
Classification number 304.60951
Author mark and year POP 1960
090 ## - LOCALLY ASSIGNED LC-TYPE CALL NUMBER (OCLC); LOCAL CALL NUMBER (OCLC)
Classification number (OCLC) (R) ; Classification number, CALL (RLIN) (NR) HB885
Local cutter number (OCLC) ; Book number/undivided call number, CALL (RLIN) .M5x 1959
110 2# - MAIN ENTRY--CORPORATE NAME
Corporate name or jurisdiction name as entry element Milbank Memorial Fund.
9 (RLIN) 109469
245 10 - TITLE STATEMENT
Title Population trends in Eastern Europe, the USSR and mainland China :
Remainder of title proceedings of the thirty-sixth annual conference of the Milbank Memorial Fund, held November 4-5, 1959, at the Carnegie Endowment International Center /
Statement of responsibility, etc. Milbank Memorial Fund.
260 ## - PUBLICATION, DISTRIBUTION, ETC. (IMPRINT)
Place of publication, distribution, etc. New York :
Name of publisher, distributor, etc. The Fund,
Date of publication, distribution, etc. 1960.
300 ## - PHYSICAL DESCRIPTION
Pagination 336 p. :
Illustrations ill. ;
Size 23 cm.
651 #0 - SUBJECT ADDED ENTRY--GEOGRAPHIC NAME
Geographic name China
General subdivision Population.
9 (RLIN) 109448
Geographic name Europe, Eastern
General subdivision Population.
9 (RLIN) 109449
Geographic name Soviet Union
General subdivision Population.
9 (RLIN) 108496
942 ## - ADDED ENTRY ELEMENTS (KOHA)
Source of classification or shelving scheme Dewey Decimal Classification
Koha item type Books
946 ## - LOCAL PROCESSING INFORMATION (OCLC)
a t
949 ## - LOCAL PROCESSING INFORMATION (OCLC)
a c
p 39080021857500
Holdings
Lost status Source of classification or shelving scheme Damaged status Not for loan Collection code Permanent Location Current Location Shelving location Date acquired Total Checkouts Full call number Date last seen Copy number Koha item type Source of acquisition Cost, normal purchase price
  Dewey Decimal Classification     Non-fiction Central Library, University of Rajshahi Central Library, University of Rajshahi   12/06/2014   304.60951 POP 1960 12/06/2014 C-2 Books    
  Dewey Decimal Classification   Not For Loan Non-fiction Central Library, University of Rajshahi Central Library, University of Rajshahi Reading Room 01/04/1964   304.60951 POP 1960 02/04/2017 C-1 Books Zeitlinger 18.00